[Event "ST-2021-0-00197"]
[Site "LSS email"]
[Date "2021.08.12"]
[Round "?"]
[White "Bucek, Jiri"]
[Black "Enev, Zlatko"]
[Result "1/2-1/2"]
[WhiteElo "2491"]
[BlackElo "2370"]
[PlyCount "96"]
[EventDate "2021.06.29"]
[EventType "tourn (corr)"]
[EventRounds "6"]
[EventCountry "GER"]
[SourceTitle "Corr 2024"]
[Source "ChessBase"]
[SourceDate "2023.10.19"]
[SourceVersion "1"]
[SourceVersionDate "2023.10.19"]
[SourceQuality "1"]

1. c4 Nf6 2. g3 e5 3. Bg2 d5 4. cxd5 Nxd5 5. Nc3 Nb6 6. d3 Be7 7. Be3 0-0 8. Rc1 Re8 9. a3 Bf8 10. Nf3 Nc6 11. Ne4 Nd4 12. Bg5 f6 13. Be3 Kh8 14. 0-0 a5 15. Bd2 c6 16. Re1 Nb5 17. Be3 Be6 18. Nc5 Bc8 19. Ne4 Be6 20. Nc5 Bxc5 21. Bxc5 a4 22. Nd2 Nd4 23. Bxd4 exd4 24. Nf3 Ra5 25. e3 dxe3 26. Rxe3 Bf7 27. Rxe8+ Bxe8 28. Qe2 Rd5 29. Re1 Bh5 30. Qe7 Rd7 31. Qxd8+ Rxd8 32. Re7 Nd7 33. Bh3 Nc5 34. g4 Bg6 35. d4 Nb3 36. Rxb7 c5 37. d5 Be4 38. Bg2 Bxd5 39. Ra7 Nc1 40. h4 Bb3 41. h5 Nd3 42. Nd2 h6 43. Be4 Be6 44. f3 Nxb2 45. Nf1 Bd5 46. Bxd5 Rxd5 47. Ne3 Rd3 48. Ra8+ Kh7 1/2-1/2

[Event "ST-2021-0-00197"]
[Site "LSS email"]
[Date "2021.08.12"]
[Round "?"]
[White "Marciz, Alexander"]
[Black "Bucek, Jiri"]
[Result "1/2-1/2"]
[WhiteElo "2443"]
[BlackElo "2491"]
[PlyCount "59"]
[EventDate "2021.06.29"]
[EventType "tourn (corr)"]
[EventRounds "6"]
[EventCountry "GER"]
[SourceTitle "Corr 2024"]
[Source "ChessBase"]
[SourceDate "2023.10.19"]
[SourceVersion "1"]
[SourceVersionDate "2023.10.19"]
[SourceQuality "1"]

1. d4 f5 2. c4 e6 3. Nc3 Nf6 4. a3 g6 5. Nf3 Bg7 6. b4 0-0 7. e3 b6 8. Be2 Qe7 9. 0-0 Bb7 10. Bb2 d6 11. Qb3 Nbd7 12. Nd2 c5 13. Rae1 e5 14. bxc5 bxc5 15. Qxb7 Rab8 16. Qxa7 Rxb2 17. dxc5 dxc5 18. Ndb1 e4 19. a4 Qe6 20. Nd5 Nb6 21. a5 Ra8 22. Qe7 Qxe7 23. Nxe7+ Kf8 24. axb6 Kxe7 25. Nc3 Nd7 26. Nd5+ Kf7 27. Rd1 Nxb6 28. Nxb6 Rxb6 29. Rd7+ Kg8 30. Rfd1 1/2-1/2

[Event "ST-2020-0-00149"]
[Site "LSS email"]
[Date "2020.07.04"]
[Round "?"]
[White "Bucek, Jiri"]
[Black "Susla, Vitaliy"]
[Result "1/2-1/2"]
[WhiteElo "2502"]
[BlackElo "2353"]
[PlyCount "116"]
[EventDate "2020.05.06"]
[EventType "tourn (corr)"]
[EventRounds "6"]
[EventCountry "GER"]
[SourceTitle "Corr 2024"]
[Source "ChessBase"]
[SourceDate "2023.10.19"]
[SourceVersion "1"]
[SourceVersionDate "2023.10.19"]
[SourceQuality "1"]

1. e4 c5 2. Nf3 d6 3. Bb5+ Bd7 4. Bxd7+ Qxd7 5. c4 Nc6 6. Nc3 e5 7. d3 f5 8. exf5 Nge7 9. 0-0 Nxf5 10. Nd2 Be7 11. a3 0-0 12. Nde4 Rae8 13. Rb1 b6 14. b4 Bd8 15. Bd2 Ncd4 16. Kh1 Re7 17. Nd5 Ref7 18. Qg4 Ne6 19. f3 g6 20. Rf2 Nc7 21. Nxc7 Bxc7 22. Nc3 Bd8 23. Qe4 Re8 24. Kg1 Bf6 25. a4 cxb4 26. Rxb4 h5 27. Rf1 Kg7 28. Rfb1 Ref8 29. Rb5 Be7 30. Ne2 Rc8 31. Be1 Qc6 32. Bf2 Bd8 33. Rd1 Kh7 34. Nc3 Qxe4 35. Nxe4 Rc6 36. h3 g5 37. Kf1 Kg6 38. Ke2 Rd7 39. Nc3 h4 40. Nd5 Rc8 41. Kd2 Ng7 42. Rdb1 Ne6 43. Be3 Nc7 44. Nxc7 Rcxc7 45. Rd5 Kf5 46. Kc3 Rc6 47. Bf2 Ke6 48. Re1 Rdc7 49. Re4 Bf6 50. Be3 Rc8 51. Rg4 Kf5 52. f4 gxf4 53. Rxf4+ Ke6 54. Rg4 Rh8 55. Bc1 Rcc8 56. Ba3 Rcd8 57. Kd2 Rh5 58. a5 Rg5 1/2-1/2

[Event "ST-2020-0-00149"]
[Site "LSS email"]
[Date "2020.07.04"]
[Round "?"]
[White "Bucek, Jiri"]
[Black "Wosch, Arkadiusz"]
[Result "1/2-1/2"]
[WhiteElo "2502"]
[BlackElo "2383"]
[PlyCount "109"]
[EventDate "2020.05.06"]
[EventType "tourn (corr)"]
[EventRounds "6"]
[EventCountry "GER"]
[SourceTitle "Corr 2024"]
[Source "ChessBase"]
[SourceDate "2023.10.19"]
[SourceVersion "1"]
[SourceVersionDate "2023.10.19"]
[SourceQuality "1"]

1. e4 c5 2. Nf3 Nc6 3. Bb5 g6 4. 0-0 Bg7 5. c3 Nf6 6. Re1 0-0 7. h3 e5 8. d3 Qc7 9. Be3 b6 10. Bxc6 dxc6 11. Qc2 Ba6 12. Nbd2 Nd7 13. a4 Rfd8 14. a5 h6 15. Nf1 Nf8 16. Red1 Ne6 17. h4 Nf4 18. axb6 axb6 19. Ng3 Ne6 20. Ra3 h5 21. Ng5 Nf8 22. Nf1 Bf6 23. Nh2 Be7 24. Nhf3 c4 25. b4 cxb3 26. Rxb3 c5 27. Rbb1 Rdb8 28. Qb2 f6 29. Nh3 Bb7 30. Qxb6 Qc8 31. Qb3+ c4 32. Qc2 cxd3 33. Qxd3 Kg7 34. Nd2 Bc6 35. Rxb8 Qxb8 36. f3 Qc7 37. Kh2 Bd7 38. Nf2 Be6 39. c4 Ra3 40. Qe2 Bc5 41. Nf1 Bf7 42. Nd3 Bxc4 43. Rc1 Bxd3 44. Qf2 Ne6 45. Bxc5 Nxc5 46. Rxc5 Qe7 47. Ne3 Ra2 48. Qxa2 Qxc5 49. Qf2 Qd4 50. Qe1 f5 51. exf5 gxf5 52. Qg3+ Kf6 53. Qg5+ Ke6 54. Qg6+ Kd7 55. Qg5 1/2-1/2

[Event "RM-2019-0-00190"]
[Site "LSS email"]
[Date "2019.12.15"]
[Round "?"]
[White "Bucek, Jiri"]
[Black "Pascual Perez, Norge"]
[Result "1/2-1/2"]
[WhiteElo "2529"]
[BlackElo "2456"]
[PlyCount "56"]
[EventDate "2019.03.08"]
[EventType "tourn (corr)"]
[EventRounds "6"]
[EventCountry "GER"]
[SourceTitle "Corr 2022"]
[Source "ChessBase"]
[SourceDate "2021.10.24"]
[SourceVersion "1"]
[SourceVersionDate "2021.10.24"]
[SourceQuality "1"]

1. e4 c5 2. Nf3 e6 3. d4 cxd4 4. Nxd4 Nc6 5. Nc3 Qc7 6. Be3 a6 7. Qd2 Nf6 8. f4 Bb4 9. Bd3 b5 10. a3 Be7 11. e5 Ng4 12. Nxc6 dxc6 13. Ne4 Nxe3 14. Qxe3 Bb7 15. b4 c5 16. Nxc5 Bd5 17. Ne4 Bh4+ 18. g3 Be7 19. 0-0 0-0 20. h4 a5 21. c3 Rfc8 22. Rac1 Qd7 23. Nd2 axb4 24. cxb4 h6 25. Be2 Bd8 26. Ne4 Bxe4 27. Qxe4 Rxa3 28. Kh2 Rxc1 1/2-1/2

[Event "WC-2018-S-00005"]
[Site "LSS email"]
[Date "2018.08.23"]
[Round "?"]
[White "Corti, Horacio"]
[Black "Bucek, Jiri"]
[Result "1/2-1/2"]
[WhiteElo "2297"]
[BlackElo "2530"]
[PlyCount "84"]
[EventDate "2018.09.01"]
[EventType "tourn (corr)"]
[EventRounds "12"]
[EventCountry "GER"]
[SourceTitle "Corr 2022"]
[Source "ChessBase"]
[SourceDate "2021.10.24"]
[SourceVersion "1"]
[SourceVersionDate "2021.10.24"]
[SourceQuality "1"]

1. Nf3 Nf6 2. c4 c6 3. d4 d5 4. Nc3 e6 5. cxd5 exd5 6. Bg5 h6 7. Bh4 Bf5 8. e3 Nbd7 9. Bd3 Bxd3 10. Qxd3 Be7 11. 0-0 0-0 12. Rab1 a5 13. h3 Re8 14. Bg3 Bb4 15. a3 Bf8 16. Nd2 a4 17. Rfe1 b5 18. Rbc1 Rc8 19. Qf5 Nb6 20. Be5 Nfd7 21. Bg3 Qf6 22. Qd3 Qe6 23. Qc2 f5 24. Ne2 g5 25. Rcd1 Bg7 26. Bh2 Nf6 27. Be5 Ne4 28. Bxg7 Kxg7 29. Nc1 Nxd2 30. Qxd2 Qf6 31. Nd3 Nc4 32. Qb4 Rc7 33. Rc1 h5 34. h4 gxh4 35. Nf4 Kh6 36. Kh2 Rg7 37. Kh1 Reg8 38. Qc5 Rg4 39. Rf1 Kg5 40. Qb4 Kh6 41. Rg1 Qf8 42. Qxf8+ Rxf8 1/2-1/2

[Event "WC-2018-S-00005"]
[Site "LSS email"]
[Date "2018.08.23"]
[Round "?"]
[White "Domanov, Dmitry"]
[Black "Bucek, Jiri"]
[Result "1/2-1/2"]
[WhiteElo "2463"]
[BlackElo "2530"]
[PlyCount "63"]
[EventDate "2018.09.01"]
[EventType "tourn (corr)"]
[EventRounds "12"]
[EventCountry "GER"]
[SourceTitle "Corr 2022"]
[Source "ChessBase"]
[SourceDate "2021.10.24"]
[SourceVersion "1"]
[SourceVersionDate "2021.10.24"]
[SourceQuality "1"]

1. e4 e5 2. Nf3 Nc6 3. Bb5 Nf6 4. d3 Bc5 5. c3 d5 6. Nbd2 dxe4 7. dxe4 0-0 8. 0-0 Qe7 9. b4 Bd6 10. a3 a5 11. Bb2 Rd8 12. Qc2 Nh5 13. Rfd1 Nf4 14. g3 Nh3+ 15. Kg2 Rf8 16. Be2 f5 17. Kxh3 fxe4+ 18. Kg2 exf3+ 19. Bxf3 Qf7 20. Qe4 Be6 21. Qe2 Rad8 22. Rac1 Be7 23. Be4 Bg5 24. Rc2 Bh6 25. b5 Bxd2 26. Rcxd2 Bc4 27. Qe3 Bxb5 28. c4 Rxd2 29. Rxd2 Bxc4 30. Qc5 Be6 31. f3 Qf6 32. a4 1/2-1/2

[Event "WC-2015-S-00002"]
[Site "LSS email"]
[Date "2018.07.11"]
[Round "?"]
[White "Bucek, Jiri"]
[Black "Frendzas, Panayotis"]
[Result "1/2-1/2"]
[WhiteElo "2530"]
[BlackElo "2556"]
[PlyCount "55"]
[EventDate "2015.06.10"]
[EventType "tourn (corr)"]
[EventRounds "12"]
[EventCountry "GER"]
[SourceTitle "Corr 2024"]
[Source "ChessBase"]
[SourceDate "2023.10.19"]
[SourceVersion "1"]
[SourceVersionDate "2023.10.19"]
[SourceQuality "1"]

1. d4 Nf6 2. c4 e6 3. Nf3 d5 4. Nc3 c5 5. cxd5 Nxd5 6. e4 Nxc3 7. bxc3 cxd4 8. cxd4 Bb4+ 9. Bd2 Bxd2+ 10. Qxd2 0-0 11. Rd1 b6 12. Bb5 Bb7 13. Qe3 Nd7 14. 0-0 Nf6 15. d5 exd5 16. e5 Ne4 17. Nd4 Rc8 18. Bd3 Qc7 19. f3 Nc5 20. Nb5 Qe7 21. Nd6 Rcd8 22. Nf5 Qe6 23. Qg5 g6 24. Nd4 Qe8 25. Nf5 Qe6 26. Nd4 Qe8 27. Nf5 Qe6 28. Nd4 1/2-1/2

[Event "WC-2015-S-00002"]
[Site "LSS email"]
[Date "2018.07.11"]
[Round "?"]
[White "Claridge, John"]
[Black "Bucek, Jiri"]
[Result "1/2-1/2"]
[WhiteElo "2484"]
[BlackElo "2530"]
[PlyCount "111"]
[EventDate "2015.06.10"]
[EventType "tourn (corr)"]
[EventRounds "12"]
[EventCountry "GER"]
[SourceTitle "Corr 2024"]
[Source "ChessBase"]
[SourceDate "2023.10.19"]
[SourceVersion "1"]
[SourceVersionDate "2023.10.19"]
[SourceQuality "1"]

1. e4 c6 2. d4 d5 3. e5 c5 4. dxc5 e6 5. a3 Bxc5 6. Nf3 Ne7 7. b4 Bb6 8. Bb2 a5 9. Nbd2 axb4 10. axb4 Rxa1 11. Qxa1 0-0 12. Bd3 Na6 13. Qa3 Bd7 14. 0-0 Nf5 15. Rb1 Nh4 16. Nxh4 Qxh4 17. Nf3 Qd8 18. Bc1 h6 19. Bd2 Qe7 20. Qc1 Rc8 21. h3 Bd8 22. Nh2 Ba4 23. Ng4 Qc7 24. Qe1 Kf8 25. Qe3 b5 26. Qg3 Be7 27. Nh2 Qd7 28. c3 d4 29. Bh7 Bd8 30. cxd4 Qxd4 31. Be3 Qh4 32. Qf3 Qe7 33. Ng4 Nxb4 34. Nf6 gxf6 35. Qg4 Ke8 36. exf6 Qxf6 37. Rxb4 Be7 38. Rf4 Qa1+ 39. Kh2 Qe5 40. g3 Bg5 41. Re4 Qd5 42. Rd4 Rc4 43. Be4 Rxd4 44. Bxd4 Qc4 45. h4 f5 46. Qh5+ Ke7 47. hxg5 Qxd4 48. gxh6 fxe4 49. h7 Qh8 50. Qg6 Kf8 51. g4 Bc2 52. g5 e3 53. Qxc2 Qe5+ 54. Kh1 Kg7 55. fxe3 Qxg5 56. Qc7+ 1/2-1/2